Allgemeinwissen - 20 Fragen - Statistiken

Allgemein
  • Dieses Quiz wurde 218 mal gespielt
    200 seit der letzten Aktualisierung
  • Das Durchschnittsergebnis liegt bei 9 aus 20
Antwortstatistiken
Hint Antwort % Korrekt
Wie nennt man die medizinische Fachrichtung, die sich mit dem Herz beschäftigt? Kardiologie
79%
Welcher Planet ist zwischen Jupiter und Uranus? Saturn
76%
Welcher Gott ist der Vater von Herkules in der griechischen Mythologie? Zeus
76%
Wie viele Felder gibt es auf einem Schachbrett? 64
73%
Was für ein Vogel ist jemand bei dem alles schiefläuft? Pechvogel
73%
Welches ist das einzige Land in Europa, dass ausschliesslich von Binnenstaaten umgeben ist? Liechtenstein
59%
Wie heisst die Tochter von Heidi Klum die 2020 ihre Modelkarriere startete? Leni Klum
58%
Welches Tier ist das Maskottchen des Miami-NFL-Teams? Delfin
43%
Welcher Ernest schrieb das Buch «In einem anderen Land»? Hemingway
43%
Von welchem Land erlangte Armenien 1991 die Unabhängigkeit? Sowjetunion
43%
Welches Land ist nach dem chemischen Element Silber benannt? Argentinien
41%
Welche Nationalmannschaft ist das Schlusslicht der FIFA Weltrangliste (Stand Dez. 24) San Marino
41%
Wie lang ist die Hypotenuse eines rechtwinkligen Dreiecks, wenn die Katheten 3 cm und 4 cm lang sind? 5 cm
39%
In welchem Land fand die erste bemannte Ballonfahrt statt? Frankreich
37%
Nennen Sie eine Art aus der Gattung Homo ausser Sapiens Antecessor / bodoensis / erectus / ergaster / floresiensis / georgicus / habilis / heidelbergensis / luzonensis / naledi / neanderthalensis / rhodesiensis / rudolfensis
36%
Wie heisst ein legendäres Pokemon der 1. Generation, dass das Ergebnis eines Genversuches war nach jahrelanger Arbeit von Forscher? Mewtu
28%
Nennen Sie einen der vier Brüder Jesus. Jakobus / Joses / Judas / Simon
21%
Wie viele Kalorien entspricht gemäss Wissenschaft ein Kilogramm Fettgewebe? 7000
18%
Die Frauenärztin nennt man Gynokologin und die Männerärztin? Andrologin
7%
Was bedeutet das französische Adjektiv profond auf deutsch? tief
4%
Keine übereinstimmenden Quizze gefunden
Verteilung der Resultate
Anzahl Personen mit jedem Resultat
Perzentil nach korrekt beantworteten Fragen
Ihre Resultats-Entwicklung
Sie haben dieses Quiz seit der letzten Aktualisierung nicht gespielt